000 01006cab a22002055a 4500
001 L158154
008 140924e2014 xxk 000 0 eng d
035 _a(Sirsi) u158154
041 0 _aeng
245 0 0 _aProperty Week CPD
_bLegionella Control
260 _c2014
490 _aProperty Week
_v81(37) 19 September 2014, 61-64(4)
520 _aThe first in a series of quality assured CPD modules created by Property Week covers Legionella control in conjunction with Metro Safety. Looks at causes, legislation, compliance, assessing risk, managing, monitoring and inspection. Each module in series consists of a feature article followed by multiple choice questions. Subscribers to Property Week can complete question online at propertyweek.com.CPD. RICS members can use these modules towards fulfilling their annual 20 hours CPD requirement.
590 _aKA
650 2 4 _aLEGIONNAIRES' DISEASE
650 2 4 _aCPD
651 4 _aUnited Kingdom
_y
690 _aHealth and safety
_96244
942 _n0
999 _c84523
_d84523